AN ENZYME LINKED IMMUNOASSAY FOR ESTIMATION OF ANTIBODIES TO NEWCASTLE DISEASE VIRUS STRAINS

Bibliographic Details
Main Authors: S. C. MISHRA (Author), Rai, A. (Author), T. N. JAISWAL (Author)
Format: Article
Language:English

MARC

LEADER 00000nab a2200000uu 4500
001 vtls011455246
003 SK-MaSNL
005 20260303153836.0
008 230222|1985 xo |||||||||||||||||eng|
015 |a SNBRB 
035 |a (urnnbn)urn:nbn:sk:snk:ar-a07rxw 
035 |a (uuid)e0ec4097-e766-4cba-a26c-eb113d8e8d2e 
035 |a urn:nbn:sk:snk-abcqc5 
040 |a SNKBUCL  |b slo  |c SNKBUCL  |e AACR2 
041 0 |a eng 
044 |a xo  |c SK 
100 1 |a S. C. MISHRA  |4 aut  |9 1176108 
245 1 0 |a AN ENZYME LINKED IMMUNOASSAY FOR ESTIMATION OF ANTIBODIES TO NEWCASTLE DISEASE VIRUS STRAINS  |c S. C. Mishra, A. Rai, T. N. Jaiswal 
700 1 |a Rai, A.  |4 aut  |9 929337 
700 1 |a T. N. JAISWAL  |4 aut  |9 1176109 
773 0 |t Acta virologica  |g Roč. 29, č. 2 (1985), s. 154-157 
958 |a OND 
958 |a EUIPO 
958 |a article16 
999 |c 2030513  |d 2032443